Govt. of
Madhya Pradesh

The Death Of An Activist (Record no. 16841)

MARC details
000 -LEADER
fixed length control field 004680000a22001930004500
001 - CONTROL NUMBER
control field 004958
003 - CONTROL NUMBER IDENTIFIER
control field MACL
005 - DATE AND TIME OF LATEST TRANSACTION
control field 20150908135545.0
008 - FIXED-LENGTH DATA ELEMENTS--GENERAL INFORMATION
fixed length control field 150908b xxu||||| |||| 00| 0 eng d
040 ## - CATALOGING SOURCE
Original cataloging agency MACL
Transcribing agency MACL
041 ## - LANGUAGE CODE
Language code of text/sound track or separate title English
082 ## - DEWEY DECIMAL CLASSIFICATION NUMBER
Classification number 801.95/RAO
100 ## - MAIN ENTRY--PERSONAL NAME
Personal name Rao, Mukunda
9 (RLIN) 9253
245 ## - TITLE STATEMENT
Title The Death Of An Activist
Statement of responsibility, etc. Mukunda Rao
260 ## - PUBLICATION, DISTRIBUTION, ETC. (IMPRINT)
Place of publication, distribution, etc. New Delhi
Date of publication, distribution, etc. 1997
Name of publisher, distributor, etc. Disha Books,
350 ## - PRICE (NR) (BK AM CF MU VM SE) [OBSOLETE]
Price 100
650 ## - SUBJECT ADDED ENTRY--TOPICAL TERM
Topical term or geographic name as entry element Philosophy
9 (RLIN) 9254
942 ## - ADDED ENTRY ELEMENTS (KOHA)
Call number prefix 802
Koha item type Books
Source of classification or shelving scheme
Holdings
Withdrawn status Lost status Source of classification or shelving scheme Damaged status Not for loan Home library Current library Date acquired Cost, normal purchase price Total Checkouts Full call number Barcode Date last seen Uniform Resource Identifier Price effective from Koha item type
          MACL MACL 15/04/2015 100.00   801.95/RAO CRE010415 02/05/2024 16753 15/04/2015 Books